<?xml version="1.0" encoding="UTF-8"?>
<record
    xmlns:xsi="http://www.w3.org/2001/XMLSchema-instance"
    xsi:schemaLocation="http://www.loc.gov/MARC21/slim http://www.loc.gov/standards/marcxml/schema/MARC21slim.xsd"
    xmlns="http://www.loc.gov/MARC21/slim">

  <leader>00819nam a22002297a 4500</leader>
  <datafield tag="999" ind1=" " ind2=" ">
    <subfield code="c">65042</subfield>
    <subfield code="d">65042</subfield>
  </datafield>
  <controlfield tag="005">20240530110804.0</controlfield>
  <controlfield tag="008">190115s2018    ua a   g      000 0 ara d</controlfield>
  <datafield tag="017" ind1=" " ind2=" ">
    <subfield code="a">3100</subfield>
    <subfield code="b">&#x645;&#x635;&#x631;. &#x62F;&#x627;&#x631; &#x627;&#x644;&#x643;&#x62A;&#x628;</subfield>
  </datafield>
  <datafield tag="020" ind1=" " ind2=" ">
    <subfield code="a">9789776048133</subfield>
  </datafield>
  <datafield tag="040" ind1=" " ind2=" ">
    <subfield code="a">EG-CaGPL</subfield>
    <subfield code="c">EG-CaGPL</subfield>
  </datafield>
  <datafield tag="082" ind1="0" ind2="4">
    <subfield code="2">21</subfield>
    <subfield code="a">658.85 /</subfield>
    <subfield code="b">&#x645; &#x645;</subfield>
  </datafield>
  <datafield tag="100" ind1="0" ind2=" ">
    <subfield code="a">&#x645;&#x635;&#x637;&#x641;&#x649; &#x639;&#x627;&#x637;&#x641; </subfield>
  </datafield>
  <datafield tag="245" ind1="1" ind2="0">
    <subfield code="a">&#x645;&#x647;&#x627;&#x631;&#x627;&#x62A; &#x627;&#x644;&#x628;&#x64A;&#x639; &#x627;&#x644;&#x627;&#x633;&#x62A;&#x634;&#x627;&#x631;&#x649; :</subfield>
    <subfield code="b">&#x627;&#x644;&#x62F;&#x644;&#x64A;&#x644; &#x627;&#x644;&#x645;&#x62A;&#x643;&#x627;&#x645;&#x644; &#x644;&#x627;&#x62D;&#x62F;&#x62B; &#x62A;&#x642;&#x646;&#x64A;&#x627;&#x62A; &#x648;&#x627;&#x633;&#x627;&#x644;&#x64A;&#x628; &#x627;&#x644;&#x628;&#x64A;&#x639; &#x641;&#x649; &#x627;&#x644;&#x639;&#x627;&#x644;&#x645; /</subfield>
    <subfield code="c">&#x645;&#x635;&#x637;&#x641;&#x649; &#x639;&#x627;&#x637;&#x641; </subfield>
  </datafield>
  <datafield tag="250" ind1=" " ind2=" ">
    <subfield code="a">&#x637;.1</subfield>
  </datafield>
  <datafield tag="260" ind1=" " ind2=" ">
    <subfield code="a">&#x627;&#x644;&#x642;&#x627;&#x647;&#x631;&#x629; : </subfield>
    <subfield code="c">2018 .</subfield>
    <subfield code="b">&#x62F;&#x627;&#x631; &#x627;&#x644;&#x642;&#x627;&#x647;&#x631;&#x629; &#x644;&#x644;&#x646;&#x634;&#x631;&#x60C;</subfield>
  </datafield>
  <datafield tag="300" ind1=" " ind2=" ">
    <subfield code="a">219 &#x635;. :</subfield>
    <subfield code="b">&#x627;&#x64A;&#x636; &#x61B;</subfield>
    <subfield code="c">24 &#x633;&#x645;.</subfield>
  </datafield>
  <datafield tag="650" ind1="0" ind2="7">
    <subfield code="2">qrmak</subfield>
    <subfield code="a">&#x627;&#x644;&#x628;&#x64A;&#x639; </subfield>
  </datafield>
  <datafield tag="650" ind1="0" ind2="7">
    <subfield code="a">&#x627;&#x644;&#x645;&#x633;&#x62A;&#x647;&#x644;&#x643;</subfield>
    <subfield code="2">qrmak</subfield>
  </datafield>
  <datafield tag="651" ind1=" " ind2=" ">
    <subfield code="2">qrmak</subfield>
  </datafield>
  <datafield tag="942" ind1=" " ind2=" ">
    <subfield code="2">ddc</subfield>
    <subfield code="c">BK</subfield>
  </datafield>
  <datafield tag="952" ind1=" " ind2=" ">
    <subfield code="0">0</subfield>
    <subfield code="1">0</subfield>
    <subfield code="4">0</subfield>
    <subfield code="7">0</subfield>
    <subfield code="a">CAI</subfield>
    <subfield code="b">CAI</subfield>
    <subfield code="c">MAIN-LIBRARY</subfield>
    <subfield code="d">2019-02-23</subfield>
    <subfield code="l">0</subfield>
    <subfield code="o">658.85 / &#x645; &#x645;</subfield>
    <subfield code="p">165586</subfield>
    <subfield code="r">2019-02-23 00:00:00</subfield>
    <subfield code="w">2019-02-23</subfield>
    <subfield code="y">BK</subfield>
  </datafield>
</record>
